| 000 | 00991cam a22002054a 4500 | ||
|---|---|---|---|
| 005 | 20250605164102.0 | ||
| 008 | 250528s ||||||||||||||||||||||||d | ||
| 035 | _a17609 | ||
| 020 | _a9781844454631 | ||
| 040 |
_aGR-AtMCL _bgre _dGR-AtMCL _eAACR2 |
||
| 245 | 1 | _aCreating the Therapeutic Relationship in Counselling and Psychotherapy | |
| 250 | _a1st | ||
| 260 |
_bLearning Matters, _c2010 |
||
| 300 | _a134 | ||
| 520 | _aAt the center of good counselling and psychotherapy practice is the relationship between therapist and client, a ''therapeutic relationship'' that must be maintained to ensure the client is able to fully engage in therapy. Acknowledgements, Introduction, The Therapeutic Relationship, First Impressions, Personal Qualities, Ethical Practice, Facing Your Nightmares or ''What on Earth Do I Do Now?'', Taking Care of Yourself, Drawing the Threads Together, References, Index. | ||
| 700 | 1 |
_aGreen Judith _9375 |
|
| 942 | _cBK | ||
| 999 |
_c3012 _d3012 |
||